[Event "13th Philadelphia International"]
[Site "Philadelphia"]
[Date "2019.07.01"]
[Round "8"]
[White "Talukdar, Rohan"]
[Black "Bruzon Batista, Lazaro"]
[Result "1/2-1/2"]
[WhiteElo "2384"]
[BlackElo "2657"]
[PlyCount "91"]
[EventDate "2019.06.??"]
[EventType "swiss"]
[EventRounds "9"]
[EventCountry "USA"]

1. e4 c5 2. Nf3 e6 3. d4 cxd4 4. Nxd4 a6 5. Nc3 Qc7 6. Bd3 Bc5 7. Nb3 Be7 8. f4
d6 9. Qe2 Nc6 10. Bd2 Nf6 11. g4 b5 12. O-O-O Nd7 13. Kb1 Nc5 14. Nxc5 dxc5 15.
e5 Bb7 16. Be4 O-O-O 17. Be3 Na5 18. Qf3 Nc4 19. Bc1 Rd4 20. Bxb7+ Qxb7 21.
Qxb7+ Kxb7 22. Rxd4 cxd4 23. Ne2 Rd8 24. Rd1 Ne3 25. Rd3 Nxg4 26. Rg3 h5 27. h3
Nh6 28. Rxg7 Nf5 29. Rxf7 Kc6 30. c3 d3 31. Nd4+ Nxd4 32. Rxe7 Nf5 33. Rxe6+
Kd5 34. Rxa6 Rg8 35. Ra7 Kc6 36. a4 bxa4 37. Ra6+ Kb5 38. Ra7 Kc6 39. Ra6+ Kb5
40. Ra7 Nd4 41. c4+ Kxc4 42. Rxa4+ Kd5 43. Ra5+ Kc4 44. Ra4+ Kd5 45. Ra5+ Kc4
46. Ra4+ 1/2-1/2

[Event "13th Philadelphia International"]
[Site "Philadelphia"]
[Date "2019.07.01"]
[Round "8"]
[White "Niemann, Hans"]
[Black "Li, Ben"]
[Result "1-0"]
[WhiteElo "2460"]
[BlackElo "2367"]
[PlyCount "101"]
[EventDate "2019.06.??"]
[EventType "swiss"]
[EventRounds "9"]
[EventCountry "USA"]

1. d4 d5 2. c4 e6 3. Nf3 Nf6 4. g3 dxc4 5. Bg2 Bd7 6. Ne5 Bc6 7. Nxc6 Nxc6 8.
O-O Qd7 9. e3 Rd8 10. Qe2 e5 11. Qxc4 exd4 12. Qb5 Rb8 13. Rd1 a6 14. Qc4 Bd6
15. exd4 O-O 16. Nc3 Ne7 17. Bg5 Qf5 18. Bxf6 Qxf6 19. Ne4 Qf5 20. Nxd6 cxd6
21. Qc7 Qf6 22. Bxb7 Nf5 23. Bxa6 Rxb2 24. Qc3 Rfb8 25. Bc4 Nh4 26. Qe3 Nf3+
27. Kg2 Nxh2 28. Be2 Kf8 29. Rd2 Re8 30. Rxb2 Rxe3 31. fxe3 h5 32. Rb8+ Ke7 33.
Rb7+ Kd8 34. Rc1 Qf5 35. Rb8+ Kd7 36. Bb5+ Ke7 37. Bc6 h4 38. Re8+ Kf6 39. Kxh2
Qf2+ 40. Bg2 Qxg3+ 41. Kh1 g5 42. Rf1+ Kg6 43. a4 f5 44. a5 d5 45. a6 h3 46.
Bxd5 Qc7 47. Rg8+ Kf6 48. Rf8+ Kg6 49. Rf7 Qa5 50. R1xf5 g4 51. Be4 1-0

[Event "13th Philadelphia International"]
[Site "Philadelphia"]
[Date "2019.07.01"]
[Round "8"]
[White "Santarius, Erik"]
[Black "Aaron, Deepak"]
[Result "1-0"]
[WhiteElo "2403"]
[BlackElo "2310"]
[PlyCount "151"]
[EventDate "2019.06.??"]
[EventType "swiss"]
[EventRounds "9"]
[EventCountry "USA"]

1. d4 e6 2. e4 d5 3. exd5 exd5 4. Bd3 Nc6 5. c3 Be6 6. Ne2 Bd6 7. Bf4 Nge7 8.
Qc2 Bxf4 9. Nxf4 Qd6 10. g3 O-O-O 11. Nd2 g5 12. Ng2 Kb8 13. O-O-O h6 14. h4
Nc8 15. Ne3 N6e7 16. Nf3 f6 17. Rh2 g4 18. Ng1 Qd7 19. Ne2 Nd6 20. Nf4 f5 21.
h5 Rhg8 22. Neg2 Bf7 23. Nh4 Ne4 24. Rdh1 Rg5 25. Qe2 Re8 26. Kb1 a6 27. Ka1
Rg7 28. Qc2 Rc8 29. Rd1 Rg5 30. Nhg2 Ng8 31. Ne3 Ngf6 32. b4 Nxh5 33. Nexd5
Bxd5 34. Nxh5 a5 35. bxa5 Qf7 36. Nf4 Bxa2 37. c4 Rd8 38. Kxa2 Rxd4 39. Ne2 Rd6
40. Nf4 Qd7 41. Rhh1 Nc5 42. Be2 Rg8 43. Rxd6 Qxd6 44. Rd1 Qa6 45. Qc3 Ne4 46.
Qb4 c5 47. Qe1 Qc6 48. Kb3 Re8 49. Nd5 h5 50. Bd3 Nxg3 51. Qd2 Ne4 52. Qf4+ Ka7
53. Qxf5 Nd6 54. Qxh5 Rf8 55. Qe5 Rxf2 56. Ne7 Qc7 57. Nc8+ Qxc8 58. Qxd6 Qc6
59. Qxc6 bxc6 60. Rf1 Rh2 61. Rf7+ Ka6 62. Rf5 Kxa5 63. Rxc5+ Kb6 64. Rg5 Rg2
65. Kb4 Rb2+ 66. Kc3 Rg2 67. Rg6 Rg3 68. Kd4 Rg1 69. c5+ Kc7 70. Be4 g3 71.
Rxc6+ Kd7 72. Rg6 Kc7 73. Rg7+ Kd8 74. Ke5 Rc1 75. Kd6 Rd1+ 76. Bd5 1-0

[Event "13th Philadelphia International"]
[Site "Philadelphia"]
[Date "2019.07.01"]
[Round "8"]
[White "Taylor, Timothy"]
[Black "Mulyar, Michael"]
[Result "1/2-1/2"]
[WhiteElo "2213"]
[BlackElo "2381"]
[PlyCount "51"]
[EventDate "2019.06.??"]
[EventType "swiss"]
[EventRounds "9"]
[EventCountry "USA"]

1. d4 d5 2. c4 c6 3. Nc3 Nf6 4. Nf3 e6 5. Qb3 dxc4 6. Qxc4 b5 7. Qd3 a6 8. Bg5
Be7 9. e4 h6 10. Bh4 O-O 11. e5 Nfd7 12. Bxe7 Qxe7 13. Qe4 f5 14. exf6 Nxf6 15.
Qc2 c5 16. Be2 Nc6 17. dxc5 e5 18. O-O e4 19. Rfe1 Qxc5 20. Nd2 e3 21. fxe3
Qxe3+ 22. Kh1 Nd4 23. Qd1 Nxe2 24. Qxe2 Qb6 25. Qe3 Qc7 26. Qe5 1/2-1/2

[Event "13th Philadelphia International"]
[Site "Philadelphia"]
[Date "2019.07.01"]
[Round "8"]
[White "Tiglon, Bryce"]
[Black "Husbands, Orlando"]
[Result "1/2-1/2"]
[WhiteElo "2373"]
[BlackElo "2279"]
[PlyCount "144"]
[EventDate "2019.06.??"]
[EventType "swiss"]
[EventRounds "9"]
[EventCountry "USA"]

1. e4 c5 2. Nf3 d6 3. d4 cxd4 4. Nxd4 Nf6 5. Nc3 a6 6. Be2 e5 7. Nb3 Be7 8. Be3
Be6 9. Nd5 Nxd5 10. exd5 Bf5 11. Qd2 O-O 12. O-O Qc7 13. Rac1 a5 14. f4 a4 15.
Na1 exf4 16. Rxf4 Bg6 17. Bb5 a3 18. b4 Bg5 19. Rf2 Bxe3 20. Qxe3 Nd7 21. c4
Ne5 22. Rd2 f5 23. Qf4 Be8 24. Bxe8 Raxe8 25. c5 Ng6 26. Qxd6 Qxd6 27. cxd6 Rd8
28. Rc5 Rxd6 29. Nc2 Rfd8 30. Nxa3 Nf4 31. Nc4 Rxd5 32. Rdxd5 Nxd5 33. Rb5 Rd7
34. a3 f4 35. Ne5 Nc3 36. Rc5 Rd1+ 37. Kf2 Ne4+ 38. Ke2 Rd8 39. Rc4 Nd6 40. Rd4
Re8 41. Rxd6 Rxe5+ 42. Kf3 Re3+ 43. Kxf4 Rxa3 44. Rd8+ Kf7 45. Rd7+ Kf6 46.
Rxb7 Ra2 47. Rb6+ Kf7 48. Kf3 Ra3+ 49. Kg4 Ra2 50. Kh3 Ra3+ 51. g3 Ra2 52. Rb8
h5 53. Rb7+ Kf6 54. Rb6+ Kf7 55. Rb5 g6 56. Rc5 Rb2 57. b5 Kf6 58. Rc6+ Kf5 59.
Rc5+ Kf6 60. g4 hxg4+ 61. Kg3 Rb4 62. Rd5 Rb2 63. Rc5 Rb4 64. Kh4 Rb2 65. Kxg4
Rxh2 66. Rc6+ Ke5 67. Kg3 Rb2 68. Rxg6 Kd5 69. Kf4 Rb4+ 70. Ke3 Rxb5 71. Rg5+
Kc6 72. Rxb5 Kxb5 1/2-1/2

[Event "13th Philadelphia International"]
[Site "Philadelphia"]
[Date "2019.07.01"]
[Round "8"]
[White "Singh, Arvinder Preet"]
[Black "Peredun, Andrew"]
[Result "0-1"]
[WhiteElo "2038"]
[BlackElo "2344"]
[PlyCount "66"]
[EventDate "2019.06.??"]
[EventType "swiss"]
[EventRounds "9"]
[EventCountry "USA"]

1. e4 e5 2. Nf3 Nc6 3. Bb5 a6 4. Ba4 Nf6 5. O-O Be7 6. Re1 b5 7. Bb3 O-O 8. c3
d5 9. exd5 Nxd5 10. Nxe5 Nxe5 11. Rxe5 c6 12. d4 Bd6 13. Re1 Qh4 14. g3 Qh3 15.
Re4 g5 16. Qf1 Qh5 17. Nd2 Bf5 18. Bd1 Qg6 19. Re1 Rae8 20. Nf3 Bd3 21. Be2
Rxe2 22. Rxe2 Qh5 23. Kg2 f5 24. Qe1 f4 25. Re5 Bxe5 26. Nxe5 f3+ 27. Kh1 Qh3
28. Qg1 Bf1 29. Nxf3 Rxf3 30. Bxg5 Bd3 31. Re1 Ne3 32. Bxe3 Be4 33. Bh6 Re3+
0-1

[Event "13th Philadelphia International"]
[Site "Philadelphia"]
[Date "2019.07.01"]
[Round "8"]
[White "Wang, Tianqi"]
[Black "Miyasaka, Marcus"]
[Result "1/2-1/2"]
[WhiteElo "2333"]
[BlackElo "2132"]
[PlyCount "53"]
[EventDate "2019.06.??"]
[EventType "swiss"]
[EventRounds "9"]
[EventCountry "USA"]

1. d4 Nf6 2. c4 e6 3. g3 d5 4. Bg2 Nc6 5. Nf3 dxc4 6. O-O Rb8 7. a4 a6 8. e3
Be7 9. b3 cxb3 10. Qxb3 O-O 11. Nc3 b6 12. Rd1 Bb7 13. e4 Na5 14. Qc2 Bb4 15.
e5 Bxc3 16. Qxc3 Nd5 17. Qc2 h6 18. Ba3 Re8 19. Nd2 f5 20. exf6 Nxf6 21. Bxb7
Rxb7 22. Nf3 Qd5 23. Ne5 Nb3 24. Qg6 Nxa1 25. Qf7+ Kh7 26. Qg6+ Kg8 27. Qf7+
1/2-1/2

[Event "13th Philadelphia International"]
[Site "Philadelphia"]
[Date "2019.07.01"]
[Round "8"]
[White "Melaugh, Shane"]
[Black "Plotkin, Victor"]
[Result "0-1"]
[WhiteElo "2126"]
[BlackElo "2297"]
[PlyCount "100"]
[EventDate "2019.06.??"]
[EventType "swiss"]
[EventRounds "9"]
[EventCountry "USA"]

1. c4 Nf6 2. Nc3 e6 3. e4 d5 4. cxd5 exd5 5. e5 d4 6. exf6 dxc3 7. bxc3 Qxf6 8.
Nf3 Bd6 9. d4 h6 10. Be2 O-O 11. O-O Rd8 12. Be3 Nc6 13. Rb1 Ne7 14. Nd2 Nd5
15. Ne4 Bxh2+ 16. Kxh2 Qh4+ 17. Kg1 Nxe3 18. Nf6+ Qxf6 19. fxe3 Qe7 20. Rf3 c6
21. Bc4 Be6 22. Bxe6 fxe6 23. Qb3 b6 24. Rbf1 Rf8 25. Qc4 Qd7 26. e4 Rxf3 27.
Rxf3 Rf8 28. Kf2 Qd6 29. Qa6 Qd7 30. Ke3 h5 31. Qf1 Rf7 32. Qh1 Rxf3+ 33. gxf3
Qf7 34. Qh4 Kh7 35. f4 Qg6 36. Kf3 b5 37. a3 a5 38. Qh3 Kh6 39. Qh4 Qf6 40.
Qxf6+ gxf6 41. Kg3 e5 42. fxe5 fxe5 43. d5 cxd5 44. exd5 Kg5 45. Kf3 Kf5 46.
Kg3 e4 47. d6 Ke6 48. d7 Kxd7 49. Kf4 Kc6 50. Kxe4 Kc5 0-1

[Event "13th Philadelphia International"]
[Site "Philadelphia"]
[Date "2019.07.01"]
[Round "8"]
[White "Harriott, Tyrell"]
[Black "De Fotis, Gary"]
[Result "1-0"]
[WhiteElo "2003"]
[BlackElo "1956"]
[PlyCount "73"]
[EventDate "2019.06.??"]
[EventType "swiss"]
[EventRounds "9"]
[EventCountry "USA"]

1. d4 Nf6 2. e3 e6 3. Bd3 b6 4. f4 Bb7 5. Nf3 c5 6. O-O Be7 7. Nbd2 cxd4 8.
exd4 Qc7 9. Ne5 d6 10. Nef3 Nbd7 11. c3 O-O 12. Qe2 Rfe8 13. Re1 Bf8 14. Nf1 a6
15. Bd2 g6 16. Qf2 Bg7 17. Qh4 e5 18. Be2 e4 19. Ng5 Nf8 20. Ne3 Nd5 21. Bc4
Nxe3 22. Bxf7+ Qxf7 23. Nxf7 Nf5 24. Qh3 Kxf7 25. g4 Ne7 26. f5 Kg8 27. Bh6 d5
28. Rf1 Nd7 29. Qh4 Bxh6 30. f6 Nxf6 31. Qxf6 b5 32. Qe6+ Kh8 33. Rf7 Bf8 34.
Raf1 Rad8 35. Rxf8+ Rxf8 36. Rxf8+ Rxf8 37. Qxe7 1-0

[Event "13th Philadelphia International"]
[Site "Philadelphia"]
[Date "2019.06.30"]
[Round "7.1"]
[White "Bruzon Batista, Lazaro"]
[Black "Lenderman, Aleksandr"]
[Result "0-1"]
[WhiteElo "2657"]
[BlackElo "2640"]
[PlyCount "68"]
[EventDate "2019.06.??"]
[EventType "swiss"]
[EventRounds "9"]
[EventCountry "USA"]

1. e4 e6 2. d4 d5 3. Nc3 Nf6 4. e5 Nfd7 5. Nce2 c5 6. c3 Nc6 7. Nf3 Be7 8. a3
a5 9. Nf4 Qb6 10. h4 a4 11. Be2 Qb3 12. Qd2 cxd4 13. cxd4 Nb6 14. Nh5 Rg8 15.
O-O Nc4 16. Qe1 Bd7 17. Nf4 N6a5 18. Rb1 Bxa3 19. Bd3 Be7 20. Bxh7 Rh8 21. Bd3
Nc6 22. Bxc4 Qxc4 23. Be3 Bxh4 24. Nxh4 Rxh4 25. Rd1 Qb4 26. Rd2 Na5 27. f3 Rh7
28. Nd3 Qe7 29. g3 Bb5 30. Rff2 Bxd3 31. Rxd3 Nc4 32. Bc1 Kd7 33. Rh2 Rxh2 34.
Kxh2 f5 0-1

[Event "13th Philadelphia International"]
[Site "Philadelphia"]
[Date "2019.06.30"]
[Round "7.2"]
[White "Gareyev, Timur"]
[Black "Andriasian, Zaven"]
[Result "0-1"]
[WhiteElo "2584"]
[BlackElo "2600"]
[PlyCount "74"]
[EventDate "2019.06.??"]
[EventType "swiss"]
[EventRounds "9"]
[EventCountry "USA"]

1. Nf3 d5 2. c4 d4 3. b4 g5 4. Bb2 Bg7 5. Nxg5 e5 6. h4 h6 7. Ne4 f5 8. Nc5 Nf6
9. g3 O-O 10. Bg2 Qe7 11. Nd3 Nbd7 12. Na3 Nh5 13. e3 Ndf6 14. Qb3 a5 15. bxa5
c5 16. O-O e4 17. Nf4 Nxf4 18. exf4 Rxa5 19. Rfe1 Bd7 20. Qxb7 Raa8 21. Qb3 Ba4
22. Qd3 Qb7 23. Qb1 Rfb8 24. Bc1 Qa6 25. Nb5 Bxb5 26. cxb5 Rxb5 27. Qc2 Qa4 28.
Qxa4 Rxa4 29. d3 exd3 30. Bc6 Rba5 31. Bd2 Ra6 32. Bxa4 Rxa4 33. Rab1 Rxa2 34.
Rb8+ Kh7 35. Re7 Rxd2 36. Rbb7 Nh5 37. g4 Re2 0-1

[Event "13th Philadelphia International"]
[Site "Philadelphia"]
[Date "2019.06.30"]
[Round "7.3"]
[White "Nyzhnyk, Illya"]
[Black "Barbosa, Oliver"]
[Result "1-0"]
[WhiteElo "2649"]
[BlackElo "2543"]
[PlyCount "95"]
[EventDate "2019.06.??"]
[EventType "swiss"]
[EventRounds "9"]
[EventCountry "USA"]

1. e4 e5 2. Nf3 Nc6 3. Nc3 Nf6 4. Bb5 Nd4 5. Bc4 Nxf3+ 6. Qxf3 d6 7. d3 Be7 8.
Qe2 Be6 9. Bb3 c6 10. Be3 O-O 11. d4 Qc8 12. O-O-O Bxb3 13. axb3 Ng4 14. f4 b5
15. fxe5 dxe5 16. d5 Nxe3 17. Qxe3 b4 18. d6 bxc3 19. dxe7 cxb2+ 20. Kxb2 Re8
21. Qc5 Qc7 22. Rd6 Qxe7 23. Qxc6 Rac8 24. Qd5 Rcd8 25. Rd1 Rxd6 26. Qxd6 g6
27. Qxe7 Rxe7 28. g4 f5 29. gxf5 gxf5 30. exf5 Kf7 31. Rd6 e4 32. Kc3 Re5 33.
Rh6 a5 34. Rxh7+ Kf6 35. Rh6+ Kg5 36. Re6 Rc5+ 37. Kd4 Rxc2 38. Ke5 e3 39. Rg6+
Kh5 40. Rg3 Rc3 41. Kf4 Kh6 42. Rxe3 Rc1 43. h4 Rc5 44. Rg3 a4 45. f6 Rc6 46.
Ke5 a3 47. f7 Rc8 48. b4 1-0

[Event "13th Philadelphia International"]
[Site "Philadelphia"]
[Date "2019.06.30"]
[Round "7.4"]
[White "Quesada Perez, Yuniesky"]
[Black "Quesada Perez, Yasser"]
[Result "1/2-1/2"]
[WhiteElo "2626"]
[BlackElo "2577"]
[PlyCount "26"]
[EventDate "2019.06.??"]
[EventType "swiss"]
[EventRounds "9"]
[EventCountry "USA"]

1. e4 e5 2. Nf3 Nc6 3. Bb5 Nf6 4. O-O Nxe4 5. Re1 Nd6 6. Nxe5 Be7 7. Bf1 Nxe5
8. Rxe5 O-O 9. d4 Bf6 10. Re1 Nf5 11. c3 d5 12. Bd3 Nd6 13. Nd2 Bf5 1/2-1/2

[Event "13th Philadelphia International"]
[Site "Philadelphia"]
[Date "2019.06.30"]
[Round "7"]
[White "Bryant, John Daniel"]
[Black "Stukopin, Andrey"]
[Result "1/2-1/2"]
[WhiteElo "2434"]
[BlackElo "2562"]
[PlyCount "98"]
[EventDate "2019.06.??"]
[EventType "swiss"]
[EventRounds "9"]
[EventCountry "USA"]

1. e4 e5 2. Nf3 Nc6 3. d4 exd4 4. Nxd4 Bc5 5. Nb3 Bb6 6. Nc3 Nf6 7. Bg5 d6 8.
f3 h6 9. Bh4 g5 10. Bg3 a6 11. Qd2 Be6 12. O-O-O Qe7 13. h4 O-O-O 14. Kb1 Nh5
15. Bf2 Bxf2 16. Qxf2 Qf6 17. Nd5 Qe5 18. Bc4 Qg3 19. Qd2 Ne5 20. Na5 Nxc4 21.
Nxc4 Bxd5 22. Qxd5 Nf4 23. Qd4 Kb8 24. hxg5 Qxg5 25. g4 h5 26. gxh5 Rxh5 27.
Rxh5 Qxh5 28. Qf6 Ne6 29. b3 Qg6 30. Qc3 Nf4 31. Qd2 Qg3 32. Qc3 Re8 33. Kb2
Qg5 34. Rd2 d5 35. Ne3 dxe4 36. Rd7 c5 37. fxe4 Ne2 38. Qa5 Qf6+ 39. c3 Qc6 40.
Rd8+ Rxd8 41. Qxd8+ Ka7 42. Qd5 Qc7 43. Nc4 Nf4 44. Qd6 Qxd6 45. Nxd6 Nd3+ 46.
Kc2 Ne5 47. Kd2 Kb6 48. a4 Kc6 49. Nf5 b5 1/2-1/2

[Event "13th Philadelphia International"]
[Site "Philadelphia"]
[Date "2019.06.30"]
[Round "7"]
[White "Cordova, Emilio"]
[Black "Peredun, Andrew"]
[Result "1-0"]
[WhiteElo "2615"]
[BlackElo "2344"]
[PlyCount "85"]
[EventDate "2019.06.??"]
[EventType "swiss"]
[EventRounds "9"]
[EventCountry "USA"]

1. Nf3 d5 2. g3 Nf6 3. Bg2 c5 4. d3 Nc6 5. O-O e5 6. Nbd2 Bd6 7. c3 O-O 8. e4
d4 9. cxd4 cxd4 10. Nc4 Bc7 11. a4 Re8 12. Bd2 a5 13. Rc1 Bd7 14. Nh4 Ra6 15.
Qb3 Qb8 16. Na3 Bd6 17. Nb5 Bf8 18. Qd1 g6 19. f4 Ng4 20. f5 Ne3 21. Bxe3 dxe3
22. fxg6 hxg6 23. Qf3 Re7 24. Qxe3 Bg7 25. Qg5 Qd8 26. Nf3 Be6 27. Rc3 Ra8 28.
h4 Qb6+ 29. Kh2 f6 30. Qd2 Rd8 31. Bh3 Nb4 32. Bxe6+ Qxe6 33. Qe2 Qg4 34. Rf2
Red7 35. d4 exd4 36. Nbxd4 f5 37. Ne6 Bxc3 38. Nxd8 Nd3 39. exf5 Rxd8 40. Qe6+
Kh8 41. Qe7 Rg8 42. Ng5 Bg7 43. f6 1-0

[Event "13th Philadelphia International"]
[Site "Philadelphia"]
[Date "2019.06.30"]
[Round "7"]
[White "Corrales Jimenez, Fidel"]
[Black "Wang, Tianqi"]
[Result "1-0"]
[WhiteElo "2549"]
[BlackElo "2333"]
[PlyCount "83"]
[EventDate "2019.06.??"]
[EventType "swiss"]
[EventRounds "9"]
[EventCountry "USA"]

1. e4 e5 2. Nf3 Nc6 3. d4 exd4 4. Nxd4 Nf6 5. Nxc6 bxc6 6. e5 Qe7 7. Qe2 Nd5 8.
c4 Nb6 9. Nc3 a5 10. Qe4 Ba6 11. Bd3 Qe6 12. b3 Bb4 13. Bd2 g6 14. O-O O-O 15.
Rae1 f5 16. Qf3 a4 17. h4 axb3 18. axb3 Rab8 19. Bc2 c5 20. h5 Bb7 21. Qf4 Bc6
22. Re3 Rbe8 23. hxg6 hxg6 24. Qh6 Rf7 25. Rh3 Rg7 26. Bg5 Qxe5 27. Re3 Bxc3
28. Rxe5 Bxe5 29. Bf4 Bxf4 30. Qxf4 d6 31. f3 Nd7 32. Kf2 Rge7 33. Qg5 Kf7 34.
Rh1 Nf8 35. Bd3 Rb8 36. Rh8 Ree8 37. g4 Bd7 38. gxf5 Bxf5 39. Bxf5 gxf5 40.
Qxf5+ Ke7 41. Rg8 Ne6 42. Qh7+ 1-0

[Event "13th Philadelphia International"]
[Site "Philadelphia"]
[Date "2019.06.30"]
[Round "7"]
[White "Checa, Nicolas"]
[Black "Wang, Qibiao"]
[Result "1-0"]
[WhiteElo "2506"]
[BlackElo "2268"]
[PlyCount "99"]
[EventDate "2019.06.??"]
[EventType "swiss"]
[EventRounds "9"]
[EventCountry "USA"]

1. d4 Nf6 2. c4 e6 3. Nf3 d5 4. Nc3 c5 5. cxd5 Nxd5 6. e4 Nxc3 7. bxc3 cxd4 8.
cxd4 Bb4+ 9. Bd2 Bxd2+ 10. Qxd2 O-O 11. Bd3 Nc6 12. Qc3 Qa5 13. Qxa5 Nxa5 14.
Rc1 b6 15. Kd2 Bb7 16. Rc7 Rfc8 17. Rhc1 Bc6 18. Rxc8+ Rxc8 19. Ba6 Rd8 20. Ke3
f6 21. Nd2 Rd7 22. Bc8 Rd6 23. e5 fxe5 24. dxe5 Rd8 25. Bxe6+ Kf8 26. Bh3 Bd5
27. a3 b5 28. Rc7 Nc6 29. f4 a5 30. Bd7 Ne7 31. Bxb5 Bxg2 32. Bc4 Nf5+ 33. Ke2
Bd5 34. Bd3 Be6 35. Ra7 Rd4 36. Ne4 Bc4 37. Bxc4 Rxe4+ 38. Kd3 Rxf4 39. e6 g5
40. Rf7+ Ke8 41. Bb5+ Kd8 42. Rd7+ Kc8 43. e7 Nxe7 44. Rxe7 Rh4 45. a4 Rxh2 46.
Kd4 g4 47. Kc5 h5 48. Kb6 Rd2 49. Rh7 g3 50. Rxh5 1-0

[Event "13th Philadelphia International"]
[Site "Philadelphia"]
[Date "2019.06.30"]
[Round "7"]
[White "Shetty, Atulya"]
[Black "Guo, Arthur"]
[Result "1-0"]
[WhiteElo "2431"]
[BlackElo "2286"]
[PlyCount "89"]
[EventDate "2019.06.??"]
[EventType "swiss"]
[EventRounds "9"]
[EventCountry "USA"]

1. g3 Nf6 2. Bg2 e6 3. c4 d5 4. Nf3 Be7 5. b3 O-O 6. O-O c5 7. e3 Nc6 8. Bb2 b6
9. Nc3 dxc4 10. bxc4 Bb7 11. Qe2 Qc7 12. Ne1 a6 13. g4 Ne8 14. f4 Nd6 15. a4
Na5 16. d3 Bxg2 17. Nxg2 Qd7 18. f5 Bf6 19. Nf4 Rae8 20. Nh5 Bxc3 21. Bxc3 f6
22. g5 exf5 23. gxf6 g6 24. Ng7 Rd8 25. e4 Ne8 26. exf5 Nxg7 27. fxg7 Rxf5 28.
Rxf5 gxf5 29. Re1 Nc6 30. Bf6 Rc8 31. Qh5 a5 32. Re3 Qf7 33. Qxf5 Qg6+ 34. Qxg6
hxg6 35. Re6 Kf7 36. Rd6 Nb4 37. Bc3 Re8 38. Kf2 Na2 39. Bb2 Nb4 40. Kf3 Nc2
41. Kf4 Nd4 42. Bxd4 cxd4 43. Rd7+ Kf6 44. h4 Rg8 45. Ke4 1-0

[Event "13th Philadelphia International"]
[Site "Philadelphia"]
[Date "2019.06.30"]
[Round "7"]
[White "Niemann, Hans"]
[Black "Graif, William"]
[Result "1-0"]
[WhiteElo "2460"]
[BlackElo "2218"]
[PlyCount "93"]
[EventDate "2019.06.??"]
[EventType "swiss"]
[EventRounds "9"]
[EventCountry "USA"]

1. e4 c5 2. Nf3 Nc6 3. b3 g6 4. Bb2 Nf6 5. e5 Nd5 6. Ng5 e6 7. Ne4 Bg7 8. c4
Nc7 9. Nd6+ Ke7 10. d4 Nxd4 11. Ba3 Bxe5 12. Nxc8+ Ke8 13. Bxc5 Nf5 14. Nd6+
Nxd6 15. Bxd6 Bxa1 16. Be2 Rc8 17. Bf3 b6 18. Nd2 Bg7 19. O-O f5 20. b4 Kf7 21.
Qa4 Ne8 22. Bg3 d6 23. Rd1 Qe7 24. Qa6 Nf6 25. c5 d5 26. Bd6 Qd7 27. Be2 bxc5
28. Bb5 Qd8 29. Qxa7+ Kg8 30. bxc5 Bf8 31. Bxf8 Qxf8 32. c6 Qf7 33. Qd4 Kg7 34.
Nf3 Rhe8 35. Ne5 Qc7 36. Re1 Qa5 37. Rb1 Rb8 38. a4 Kg8 39. Nxg6 Ne4 40. Qh8+
Kf7 41. Ne5+ Ke7 42. Qg7+ Kd6 43. Nc4+ dxc4 44. Rd1+ Nd2 45. Rxd2+ Kc5 46. Qd4+
Kb4 47. Qxc4+ 1-0

[Event "13th Philadelphia International"]
[Site "Philadelphia"]
[Date "2019.06.30"]
[Round "7"]
[White "Kumar, Aravind"]
[Black "Santarius, Erik"]
[Result "0-1"]
[WhiteElo "2242"]
[BlackElo "2403"]
[PlyCount "54"]
[EventDate "2019.06.??"]
[EventType "swiss"]
[EventRounds "9"]
[EventCountry "USA"]

1. d4 f5 2. Nc3 Nf6 3. Bg5 d5 4. Bxf6 exf6 5. e3 Be6 6. Bd3 Qd7 7. Nge2 Nc6 8.
a3 g5 9. h4 O-O-O 10. Qd2 Bd6 11. O-O-O f4 12. Nb5 fxe3 13. Nxd6+ Qxd6 14. Qxe3
h6 15. Ng3 Rde8 16. Bg6 Bf7 17. Bf5+ Kb8 18. Qd2 b6 19. Bh3 Na5 20. Nf5 Qc6 21.
Qd3 Bg6 22. b3 Re4 23. f3 Bxf5 24. Bxf5 Rxd4 25. Qe3 Rf4 26. g4 Re8 27. Rxd5
Rxf5 0-1

[Event "13th Philadelphia International"]
[Site "Philadelphia"]
[Date "2019.06.30"]
[Round "7"]
[White "Mulyar, Michael"]
[Black "Husbands, Orlando"]
[Result "1/2-1/2"]
[WhiteElo "2381"]
[BlackElo "2279"]
[PlyCount "95"]
[EventDate "2019.06.??"]
[EventType "swiss"]
[EventRounds "9"]
[EventCountry "USA"]

1. d4 Nf6 2. Nf3 e6 3. c4 d5 4. g3 dxc4 5. Bg2 Bb4+ 6. Bd2 a5 7. Qc2 Bxd2+ 8.
Qxd2 Ne4 9. Qc2 Nd6 10. Ne5 O-O 11. O-O Nc6 12. Nxc6 bxc6 13. Bxc6 Rb8 14. Nc3
Bb7 15. Bxb7 Rxb7 16. b3 cxb3 17. axb3 Nb5 18. e3 Nxc3 19. Qxc3 Qd5 20. Rxa5
Qxb3 21. Qxb3 Rxb3 22. Rc1 Rb7 23. Rac5 Rc8 24. h4 Kf8 25. Kg2 Ke7 26. g4 Kd6
27. Rg5 Rg8 28. Rgc5 Ra8 29. Kg3 Ra2 30. g5 Rab2 31. h5 R2b5 32. Rc6+ Kd7 33.
f4 Rb3 34. Kf3 Rb2 35. g6 hxg6 36. hxg6 fxg6 37. R6c5 Rh2 38. Ke4 Rh3 39. R1c3
Kd6 40. Rg5 Rh6 41. Rc1 Ke7 42. Rgc5 Kd6 43. Rg1 Ke7 44. Rgc1 Kd6 45. Rg5 Ke7
46. Rc2 Ra7 47. Rc1 Rb7 48. Rc2 1/2-1/2

[Event "13th Philadelphia International"]
[Site "Philadelphia"]
[Date "2019.06.30"]
[Round "7"]
[White "Aaron, Deepak"]
[Black "Melaugh, Shane"]
[Result "1-0"]
[WhiteElo "2310"]
[BlackElo "2126"]
[PlyCount "79"]
[EventDate "2019.06.??"]
[EventType "swiss"]
[EventRounds "9"]
[EventCountry "USA"]

1. e4 d6 2. d4 Nf6 3. Nc3 Nbd7 4. f3 e5 5. Nge2 c6 6. Be3 g6 7. Qd2 Bg7 8. g4
O-O 9. O-O-O Qa5 10. Bh6 b5 11. Bxg7 Kxg7 12. h4 h5 13. Ng3 Rh8 14. Qg5 b4 15.
Nb1 Nf8 16. Bc4 N8h7 17. Qd2 Nf8 18. Rdg1 exd4 19. Nf5+ Bxf5 20. gxf5 Re8 21.
Rg5 Re5 22. Rhg1 Rh6 23. Qg2 Qc7 24. Nd2 d5 25. Bd3 Qe7 26. f4 Rxe4 27. Bxe4
dxe4 28. fxg6 fxg6 29. Re5 Qf7 30. Nxe4 Ng4 31. Ra5 Qxf4+ 32. Nd2 Qc7 33. Ra6
Ne5 34. Qe4 Ne6 35. Rxa7 Qxa7 36. Qxe5+ Kf7 37. Rf1+ Ke7 38. Re1 Qxa2 39. Nb3
g5 40. Qg7+ 1-0

[Event "13th Philadelphia International"]
[Site "Philadelphia"]
[Date "2019.06.30"]
[Round "7"]
[White "Gaisinsky, Adam"]
[Black "Harriott, Tyrell"]
[Result "1-0"]
[WhiteElo "2102"]
[BlackElo "2003"]
[PlyCount "73"]
[EventDate "2019.06.??"]
[EventType "swiss"]
[EventRounds "9"]
[EventCountry "USA"]

1. e4 d5 2. exd5 Nf6 3. d4 Qxd5 4. Nc3 Qh5 5. Nf3 Bg4 6. Be2 Nc6 7. h3 O-O-O 8.
O-O Nxd4 9. Nxd4 Bxe2 10. Ncxe2 e5 11. Be3 exd4 12. Nxd4 Qd5 13. Qe2 Bc5 14. c3
Rhe8 15. Qc2 Rd7 16. Rfd1 Qh5 17. b4 Bb6 18. a4 c6 19. a5 Bxd4 20. Rxd4 Nd5 21.
Bd2 Rde7 22. c4 Qe5 23. Qd3 Nxb4 24. Bxb4 c5 25. Bxc5 Qxc5 26. a6 b6 27. Rd1
Re1+ 28. Rxe1 Rxe1+ 29. Kh2 Qc7+ 30. g3 Qc6 31. Qf5+ Re6 32. Qxf7 Rd6 33. Rxd6
Qxd6 34. Qxa7 Qd4 35. Qb7+ Kd8 36. a7 Qxf2+ 37. Qg2 1-0